La notara̕ Revista (1944-1948)

Detalles Bibliográficos
Autor Corporativo: Collegi de Notaris de Catalunya
Formato: Desconocido
Lenguaje:inglés
Publicado: Barcelona : Collegi de Notaris de Catalunya
Materias:
Acceso en línea:Acceso a travš del servicio vLex.

MARC

LEADER 00000ny a22000003n 4500
005 20110509102656.0
008 080214c19441948enkqr s 000 a0eng c
022 |a 0210-427X 
035 |a 1125 
040 |a UMA.RE  |d vlex 
080 |a 347.961(051) 
090 |c 1429  |d 1429 
245 0 3 |a La notara̕  |h [Recurso electrn̤ico]  |b Revista (1944-1948) 
256 |a Servicio en ln̕ea 
260 |a Barcelona :  |b Collegi de Notaris de Catalunya 
310 |a Trimestral,  |b 1944-1946 
321 |a Cuatrimestral,  |b 1947 
506 1 |a Contenido solo disponible en los productos indicados  |d vLex Global  |d vLex Global (Academic Edition, excluding Law Schools)  |d vLex Global (U.S. Academic Edition, Law Schools)  |d vLex Global (U.S. Academic Edition, excluding Law Schools)  |d vLex Global (Academic Edition, Law Schools) 
650 0 7 |2 Tesauro vLex  |a Herencia 
650 0 7 |2 Tesauro vLex  |a Sustitucin̤ fideicomisaria 
710 2 |a Collegi de Notaris de Catalunya 
740 0 |a vLex Revista (Servicios en ln̕ea) 
853 |8 1  |i (year)  |j (month)  |k (day) 
856 4 0 |u http://premium.vlex.com/permalinks/f1125  |z Acceso a travš del servicio vLex.  
942 |c REV